000 00306nam a22001337a 4500
008 181009b xxu||||| |||| 00| 0 eng d
020 _a072360360
041 _aeng
080 _a201
100 _a24
101 _aTEO
245 _aScience and Religious Belief 1600-1900
_cGoodman, D.C
942 _2udc
_cBK
999 _c49133
_d49133